| 000 | 00954nam a22001937a 4500 | ||
|---|---|---|---|
| 999 |
_c58689 _d58689 |
||
| 003 | Ge_BSU | ||
| 005 | 20220629124134.0 | ||
| 008 | 220629s2021 ge ||||| |||| 00| 0 geo d | ||
| 041 | _ageo | ||
| 080 | _a635.1/8 პ-59 | ||
| 245 |
_aპომიდორი : _bპომიდორის წარმოების აგროტექნოლოგია / _cგარემოს დაცვითი ინფორმაციისა და განათლების ცენტრი. |
||
| 264 | _c2021. | ||
| 300 |
_a67 გვ. : _bილ. ; _c30 სმ. |
||
| 504 | _aბიბლიოგრ. გვ. 67 | ||
| 653 | _aპომიდორი | ||
| 653 | _aპომიდორის წარმოები აგროტქნოლოგია | ||
| 710 |
_aგარემოს დაცვითი ინფორმაციისა და განათლების ცენტრი _914245 |
||
| 942 |
_2udc _cBK |
||